Severania o míľový krok vpredu

Bibliographic Details
Main Author: Kmec, Ľudovít (Author)
Format: Article
Language:Slovak
PhysicalDescription:Obr. 3.
Subjects:

MARC

LEADER 00000nab a2200000 a 4500
001 vtls000387424
003 SK-MaSNL
005 20260304172532.0
008 250526c1990 xo 0 slo
015 |a SNBRB19rr/mm-uuuuu 
035 |a CL0387547 
035 |a urn:nbn:sk:snk-ab2cgi 
035 |a (urnnbn)urn:nbn:sk:snk:ar-a024y7 
035 |a (uuid)47f637fa-bb83-4779-b1f1-cb70a0198025 
040 |a SNKBUCL  |b slo  |c SNKBUCL  |e AACR2 
041 0 |a slo 
044 |a xo  |c SK 
080 |a 630-1/-9:061.4  |2 1981 
080 |a 061.4  |2 1981 
100 1 |a Kmec, Ľudovít  |4 aut  |9 630095 
245 1 0 |a Severania o míľový krok vpredu  |c Ľudovít Kmec 
300 |b Obr. 3. 
650 0 7 |a LESDREVMAŠ 1989, Moskva  |2 snkbucl  |9 954212 
650 0 7 |a technika lesná  |2 snkbucl  |9 850243 
655 7 |a články z novín a časopisov  |2 snkbucl  |9 267496 
773 0 |t Les  |g Roč. 46, č. 7 (1990), s. 16-17 
850 |a Slovenská národná knižnica 
852 |a Slovenská národná knižnica 
954 |a odborná, vedecká literatúra pôvodná (slovenská)  |2 lita 
958 |a ONDV 
958 |a article2022 
958 |a RK 
958 |a SU 
992 |a RBX 
999 |c 2999021  |d 3000951